000 00882nam a2200253 i 4500
001 108317
003 ES-MaACL
005 20230906184625.0
007 t|
008 061121s1971 sp o r ||||1| spa d
080 _a73 Macho, Victorio
080 _a929 Macho, Victorio
100 1 _aMon, Fernando.
_982093
245 1 0 _aVictorio Macho /
_cFernando Mon.
260 _a[Madrid] :
_bDirección General de Bellas Artes,
_c[1971]
300 _a75, [23] p. de fot. bl. y n. ;
_c17 cm.
490 1 _aArtistas españoles contemporáneos. Escultores ;
_v7
600 1 4 _aMacho, Victorio,
_d1887-1966
_975193
710 1 _aEspaña.
_bDirección General de Bellas Artes.
_93704
830 0 _aArtistas españoles contemporáneos. Escultores ;
_v7
_9189662
852 _aES-MaACL
_jC-40883
_bR.77359
852 _aES-MaACL
_j2261-F-7
_xOlim P-1916
999 _c108317
_d108317